Never Work Harder than Your Students (Record no. 24690)

MARC details
000 -LEADER
fixed length control field 00614nam a22001937a 4500
003 - CONTROL NUMBER IDENTIFIER
control field OSt
005 - DATE AND TIME OF LATEST TRANSACTION
control field 20260618101618.0
008 - FIXED-LENGTH DATA ELEMENTS--GENERAL INFORMATION
fixed length control field 260618b |||||||| |||| 00| 0 eng d
020 ## - INTERNATIONAL STANDARD BOOK NUMBER
International Standard Book Number 9781416607571
040 ## - CATALOGING SOURCE
Transcribing agency Chuka University.
050 ## - LIBRARY OF CONGRESS CALL NUMBER
Classification number LB 1025.3
Item number .J3 2009
100 ## - MAIN ENTRY--PERSONAL NAME
Personal name Jackson Robyn R.
9 (RLIN) 29994
245 ## - TITLE STATEMENT
Title Never Work Harder than Your Students
Remainder of title & other principles of great teaching.
260 ## - PUBLICATION, DISTRIBUTION, ETC.
Place of publication, distribution, etc. Alexandria.
Name of publisher, distributor, etc. Association for Supervision and Curriculum Development.
Date of publication, distribution, etc. 2009
300 ## - PHYSICAL DESCRIPTION
Extent 247p.
650 ## - SUBJECT ADDED ENTRY--TOPICAL TERM
Topical term or geographic name entry element Effective Teaching.
9 (RLIN) 11612
650 ## - SUBJECT ADDED ENTRY--TOPICAL TERM
Topical term or geographic name entry element Teacher Effectiveness.
9 (RLIN) 27750
942 ## - ADDED ENTRY ELEMENTS (KOHA)
Source of classification or shelving scheme Library of Congress Classification
Koha item type Long Loan Books
Suppress in OPAC No
Holdings
Withdrawn status Lost status Source of classification or shelving scheme Damaged status Not for loan Collection Home library Current library Shelving location Date acquired Total Checkouts Full call number Barcode Date last seen Cost, replacement price Price effective from Koha item type
    Library of Congress Classification     General Collection Books Main Campus Library Main Campus Library General Stacks 18/06/2026   LB 1025.3 .J3 2009 35265/2026 18/06/2026 1958.28 18/06/2026 Long Loan Books

Powered by Koha